|
003 -Nazwa inst., której nr kontr. jest w polu 001 [,]
|
-
- @
- Nazwa instytucji, której n kontrolny jest w polu 001
- NUKAT
|
|
005 -DATA I CZAS OSTATNIEJ MODYFIKACJI [,]
|
-
- @
- pole kontrolne
- 20260101161545.0
|
|
020 -Międzynarod. znormalizowany nr książki - ISBN [ , ]
|
-
- a
- Numer ISBN
- 8321334792
-
|
|
020 -Międzynarod. znormalizowany nr książki - ISBN [ , ]
|
-
- a
- Numer ISBN
- 8321336809
-
|
|
040 -Instytucja sporządzająca opis [ , ]
|
-
- a
- Instytucja, która sporządziła opis (NP)
- LUBL U/bg
-
- c
- Instytucja, która sporządziła rekord (NP)
- LUBL U/bg
-
- d
- Instytucja, która zmodyfikowała rekord (P)
- LUBL U/ABs
-
- d
- Instytucja, która zmodyfikowała rekord (P)
- LUBL U/bgk
-
- d
- Instytucja, która zmodyfikowała rekord (P)
- WR O/ZW
-
- d
- Instytucja, która zmodyfikowała rekord (P)
- TOR U/KMos
-
- d
- Instytucja, która zmodyfikowała rekord (P)
- GL 001/KGM
-
- d
- Instytucja, która zmodyfikowała rekord (P)
- GD 27/MFs
|
|
041 -Język dokumentu [1, ]
|
-
- a
- Język tekstu (P)
- polski
-
- h
- Język tekstu oryginalnego i/lub pośredniego (P)
- hiszpański
-
- h
- Język tekstu oryginalnego i/lub pośredniego (P)
- niemiecki
|
|
942 -Rodzaj dokumentu [ , ]
|
-
- c
- Rodzaj dokumentu
- Książka
|
|
300 -Strefa opisu fizycznego [ , ]
|
-
- a
- Określenie formy książki i/lub objętość (NP)
- 394, [2] s. :
-
- b
- Oznaczenie ilustracji (NP)
- il. kolor ;
-
|
|
336 -Typ zawartości [ , ]
|
-
- a
- Termin opisujący typ zawartości
- Tekst
-
- b
- Kod określający zawartość
- txt
-
- 2
- Źródło (terminu i kodu)
- rdacontent
|
|
337 -Typ mediów [ , ]
|
-
- a
- Tryb odtwarzania
- Bez urządzenia pośredniczącego
-
-
- 2
- Źródło (terminu i kodu)
- rdamedia
|
|
338 -Typ/rodzaj nośnika [ , ]
|
-
- a
- Hasło opisujące typ nośnika
- Wolumin
-
-
- 2
- Źródło (terminu i kodu)
- rdacarrier
|
|
380 -Deskryptor - Forma dzieła (P) [ , ]
|
-
- a
- forma dzieła (NP)
- Albumy i książki artystyczne
|
|
380 -Deskryptor - Forma dzieła (P) [ , ]
|
-
- a
- forma dzieła (NP)
- Książki
|
|
388 -Deskryptor - czas powstania dzieła (P) [1, ]
|
-
- a
- Czas powstania dzieła (NP)
- 1901-2000
|
|
080 -Uniwersalna Klasyfikacja Dziesiętna [ , ]
|
-
- a
- Symbol klasyfikacji
- 7.03(100)(091)(084.11)
|
|
600 -Hasło przedmiotowe w formie nazwy osobowej [1,7]
|
-
- a
- Nazwa osobowa
- Caravaggio, Michelangelo Merisi da
-
- d
- Daty związane z nazwą
- (1571-1610)
-
-
|
|
600 -Hasło przedmiotowe w formie nazwy osobowej [0,7]
|
-
- a
- Nazwa osobowa
- Rembrandt
-
- d
- Daty związane z nazwą
- (1606-1669)
-
-
|
|
600 -Hasło przedmiotowe w formie nazwy osobowej [1,7]
|
-
- a
- Nazwa osobowa
- Rubens, Peter Paul
-
- d
- Daty związane z nazwą
- (1577-1640)
-
|
|
600 -Hasło przedmiotowe w formie nazwy osobowej [1,7]
|
-
- a
- Nazwa osobowa
- Velázquez, Diego
-
- d
- Daty związane z nazwą
- (1599-1660)
-
|
|
600 -Hasło przedmiotowe w formie nazwy osobowej [1,7]
|
-
- a
- Nazwa osobowa
- Vermeer van Delft, Jan
-
- d
- Daty związane z nazwą
- (1632-1675)
-
|
|
648 -Hasło przedmiotowe - chronologia [ ,7]
|
-
- a
- Deskryptor chronologiczny
- 1501-1600
-
-
|
|
648 -Hasło przedmiotowe - chronologia [ ,7]
|
-
- a
- Deskryptor chronologiczny
- 1601-1700
-
-
|
|
648 -Hasło przedmiotowe - chronologia [ ,7]
|
-
- a
- Deskryptor chronologiczny
- 1701-1800
-
-
|
|
650 -Hasło przedmiotowe [ ,7]
|
-
- a
- Hasło przedmiotowe
- Architektura
-
-
|
|
650 -Hasło przedmiotowe [ ,7]
|
-
- a
- Hasło przedmiotowe
- Barok
-
-
|
|
650 -Hasło przedmiotowe [ ,7]
|
-
- a
- Hasło przedmiotowe
- Historia sztuki
-
-
|
|
650 -Hasło przedmiotowe [ ,7]
|
-
- a
- Hasło przedmiotowe
- Malarstwo (sztuka)
-
-
|
|
650 -Hasło przedmiotowe [ ,7]
|
-
- a
- Hasło przedmiotowe
- Rokoko
-
-
|
|
650 -Hasło przedmiotowe [ ,7]
|
-
- a
- Hasło przedmiotowe
- Rzeźba
-
-
|
|
650 -Hasło przedmiotowe [ ,7]
|
-
- a
- Hasło przedmiotowe
- Sztuka Ameryki Łacińskiej
-
|
|
650 -Hasło przedmiotowe [ ,7]
|
-
- a
- Hasło przedmiotowe
- Sztuka europejska
-
-
|
|
650 -Hasło przedmiotowe [ ,7]
|
-
- a
- Hasło przedmiotowe
- Sztuka barokowa.
-
-
|
|
650 -Hasło przedmiotowe [ ,7]
|
-
- a
- Hasło przedmiotowe
- Sztuka rokokowa.
-
-
|
|
650 -Hasło przedmiotowe [ ,7]
|
-
- a
- Hasło przedmiotowe
- Architektura
-
- z
- Określnik geograficzny
- Ameryka Łacińska
-
- y
- Określnik chronologiczny
- 1500-1800.
-
-
|
|
655 -Hasło w funkcji tematu formalnego [ ,7]
|
-
-
-
|
|
658 -Ujęcie treści [ , ]
|
-
- a
- dziedzina nauki i sztuki/ sfera aktywności życiowej
- Architektura i budownictwo
|
|
658 -Ujęcie treści [ , ]
|
-
- a
- dziedzina nauki i sztuki/ sfera aktywności życiowej
- Historia
|
|
658 -Ujęcie treści [ , ]
|
-
- a
- dziedzina nauki i sztuki/ sfera aktywności życiowej
- Kultura i sztuka
|
|
980 -Symbol UKD [ , ]
|
-
- a
- UKD
- 7.03(100)(091)(084.11)
|
|
700 -Hasło dodatkowe - nazwa osobowa [1, ]
|
-
- a
- Nazwa osobowa (NP)
- Gállego, Julián
-
- d
- Daty biograficzne (NP)
- (1919- ).
-
|
|
700 -Hasło dodatkowe - nazwa osobowa [1, ]
|
-
- a
- Nazwa osobowa (NP)
- Ricart, Gudiol
-
- d
- Daty biograficzne (NP)
- (1901-1985).
-
|
|
700 -Hasło dodatkowe - nazwa osobowa [1, ]
|
-
- a
- Nazwa osobowa (NP)
- Chrzanowski, Tadeusz
-
- d
- Daty biograficzne (NP)
- (1926-2006).
-
|
|
700 -Hasło dodatkowe - nazwa osobowa [1, ]
|
-
- a
- Nazwa osobowa (NP)
- Trzeciak, Przemysław
-
- d
- Daty biograficzne (NP)
- (1931- ).
-
- e
- Określenie rodzaju współpracy
- Tł.
-
|
|
700 -Hasło dodatkowe - nazwa osobowa [1, ]
|
-
- a
- Nazwa osobowa (NP)
- Leder, Witold
-
- d
- Daty biograficzne (NP)
- (1913-2007).
-
- e
- Określenie rodzaju współpracy
- Tł.
-
|
|
700 -Hasło dodatkowe - nazwa osobowa [1, ]
|
-
- a
- Nazwa osobowa (NP)
- Kaźmierczak, Elżbieta
-
- c
- Dopowiedzenie inne niż daty biograficzne (NP)
- (tłumacz).
-
- e
- Określenie rodzaju współpracy
- Tł.
-
|
|
700 -Hasło dodatkowe - nazwa osobowa [1, ]
|
-
- a
- Nazwa osobowa (NP)
- Lewicka-Morawska, Anna
-
- d
- Daty biograficzne (NP)
- (1952-2015).
-
- e
- Określenie rodzaju współpracy
- Red.
-
|
|
710 -Hasło dodatkowe - nazwa ciała zbiorowego [2, ]
|
-
- a
- Nazwa ciała zbiorowego lub nazwa geograficzna jako pierwszy element (NP)
- Wydawnictwo Arkady.
-
-
|